Clasificación penitenciaria (Registro nro. 158670)
[ vista simple ]
| 000 -LEADER | |
|---|---|
| fixed length control field | 01393ny a22003373n 4500 |
| 008 - FIXED-LENGTH DATA ELEMENTS--GENERAL INFORMATION | |
| fixed length control field | 060516s2006 sp s 001 0 spa c |
| 017 ## - | |
| -- | D.L. 902-2006 |
| 020 ## - INTERNATIONAL STANDARD BOOK NUMBER | |
| International Standard Book Number | 8497729889 |
| 035 ## - | |
| -- | 1393 |
| 040 ## - CATALOGING SOURCE | |
| Original cataloging agency | UCA-JER |
| Modifying agency | UMA.RE |
| -- | vLex |
| 080 ## - | |
| -- | 343.26(460) |
| 080 ## - | |
| -- | 343.82(460) |
| 090 ## - | |
| -- | 132 |
| -- | 132 |
| 100 1# - MAIN ENTRY--PERSONAL NAME | |
| Personal name | Leganés Gómez, Santiago |
| 245 10 - TITLE STATEMENT | |
| Title | Clasificación penitenciaria |
| Medium | [Recurso electrónico] |
| Remainder of title | nuevo régimen jurídico / |
| Statement of responsibility, etc | Santiago Leganés Gómez |
| 250 ## - | |
| -- | 2a ed |
| 256 ## - | |
| -- | Servicio en línea |
| 260 ## - PUBLICATION, DISTRIBUTION, ETC. (IMPRINT) | |
| Place of publication, distribution, etc | Madrid : |
| Name of publisher, distributor, etc | Dykinson, |
| Date of publication, distribution, etc | 2006 |
| 300 ## - PHYSICAL DESCRIPTION | |
| Extent | 192 p. ; |
| Dimensions | 21 cm |
| 500 ## - GENERAL NOTE | |
| General note | Los datos del ISBN han sido tomado de la B.N.- ISBN 84-9772-988-1 (Cancelado) |
| 504 ## - BIBLIOGRAPHY, ETC. NOTE | |
| Bibliography, etc | Bibliogr.: p.[315]-323 |
| 506 1# - RESTRICTIONS ON ACCESS NOTE | |
| Terms governing access | Contenido solo disponible en los productos indicados |
| Authorized users | vLex Global |
| -- | vLex Global (Academic Edition, excluding Law Schools) |
| -- | vLex Global (U.S. Academic Edition, Law Schools) |
| -- | vLex Global (U.S. Academic Edition, excluding Law Schools) |
| -- | vLex Global (Academic Edition, Law Schools) |
| 650 07 - SUBJECT ADDED ENTRY--TOPICAL TERM | |
| Source of heading or term | Tesauro vLex |
| Topical term or geographic name as entry element | Prisión |
| 650 07 - SUBJECT ADDED ENTRY--TOPICAL TERM | |
| Source of heading or term | Tesauro vLex |
| Topical term or geographic name as entry element | Penal |
| 650 07 - SUBJECT ADDED ENTRY--TOPICAL TERM | |
| Source of heading or term | Tesauro vLex |
| Topical term or geographic name as entry element | Derecho penitenciario |
| 650 07 - SUBJECT ADDED ENTRY--TOPICAL TERM | |
| Source of heading or term | Tesauro vLex |
| Topical term or geographic name as entry element | Clasificación penitenciaria |
| 740 0# - | |
| -- | vLex Libros (Servicios en línea) |
| 856 40 - LOCALIZACIÓN Y ACCESO ELECTRÓNICO | |
| Identificador Uniforme del Recurso (URI/URL) | https://app.vlex.com/#/sources/clasificaci-n-penitenciaria-1393 |
| 942 ## - | |
| -- | RAA |
| 999 ## - | |
| -- | 158670 |
| -- | 158670 |
No hay ítems disponibles.